[Event "Romanian Open 2016"]
[Site "Alba Iulia ROU"]
[Date "2016.03.20"]
[Round "6.14"]
[White "Ciorgovean, Iustin"]
[Black "Stoleriu , George"]
[Result "1/2-1/2"]
[WhiteElo "2087"]
[BlackElo "2162"]
[PlyCount "196"]
[EventDate "2016.03.16"]

1. d4 e6 2. g3 Nf6 3. c4 Bb4+ 4. Bd2 Qe7 5. Nf3 Bxd2+ 6. Qxd2 d6 7. Nc3 e5 8.
Bg2 O-O 9. O-O c6 10. e4 a5 11. h3 Na6 12. Rad1 Re8 13. Rfe1 h6 14. Kh2 Qc7 15.
Qc1 Be6 16. Bf1 Red8 17. Rd2 Rab8 18. b3 Rdc8 19. Qb2 Re8 20. Qb1 Rbd8 21. Bg2
Rb8 22. Bf1 Rbd8 23. Red1 exd4 24. Rxd4 Nc5 25. Qc1 Bc8 26. Qc2 Ne6 27. R4d2
Nc5 28. Re2 Re7 29. Nd4 Rde8 30. Bg2 Bd7 31. Rde1 Qb8 32. Qd2 b5 33. cxb5 cxb5
34. Nc2 b4 35. Nd5 Nxd5 36. Qxd5 Re5 37. Qd4 Ne6 38. Qd2 Bb5 39. Re3 Rc5 40.
Rf3 Qc7 41. Ne3 Bc6 42. Nd5 Qb7 43. Rfe3 Nc7 44. Nf4 Nb5 45. f3 Qc7 46. Bf1 Na3
47. Rc1 Bb7 48. Ree1 Rc8 49. Rxc5 Qxc5 50. Rd1 Qc2 51. Bd3 Qxd2+ 52. Rxd2 Rc1
53. Ne2 Ra1 54. h4 Kf8 55. h5 Re1 56. Kg2 g6 57. hxg6 fxg6 58. Kf2 Ra1 59. f4
Ke7 60. Nd4 Rh1 61. Kg2 Rc1 62. Kf3 Nb1 63. Bxb1 Rxb1 64. Nb5 Rf1+ 65. Kg2 Re1
66. Nxd6 Bc6 67. Kf2 Rh1 68. Nc4 Bxe4 69. Nxa5 Kf6 70. Rd4 Bf5 71. Rxb4 Rh2+
72. Kf3 Rxa2 73. Nc4 h5 74. Rb6+ Kg7 75. Ne3 Bc8 76. Ke4 Rb2 77. b4 Rb3 78. f5
Bxf5+ 79. Nxf5+ gxf5+ 80. Kf4 Kh7 81. b5 Rb4+ 82. Kg5 Rg4+ 83. Kxh5 Rxg3 84.
Rf6 Rb3 85. Rxf5 Kg7 86. Kg5 Rb4 87. Rc5 Kf7 88. Kf5 Ke7 89. Ke5 Kd7 90. Kd5
Rb1 91. Kd4 Rd1+ 92. Ke3 Kd6 93. Rh5 Kc7 94. Ke2 Rd4 95. Ke3 Rb4 96. Kd3 Kb6
97. Kc3 Rxb5 98. Rxb5+ Kxb5 1/2-1/2

[Event "Romanian Open 2016"]
[Site "Alba Iulia ROU"]
[Date "2016.03.21"]
[Round "7.12"]
[White "Sanduleac, Vasile"]
[Black "Stoleriu , George"]
[Result "1-0"]
[WhiteElo "2396"]
[BlackElo "2162"]
[PlyCount "199"]
[EventDate "2016.03.16"]

1. e4 c5 2. Nf3 a6 3. c4 d6 4. d4 cxd4 5. Nxd4 Nf6 6. Nc3 e6 7. Be2 Be7 8. O-O
O-O 9. Be3 Qc7 10. Rc1 b6 11. f3 Bb7 12. Qd2 Nbd7 13. Rfd1 Rac8 14. Qe1 Qb8 15.
Kh1 Rfd8 16. Nc2 a5 17. Qf2 Ba6 18. Na3 Nc5 19. Rc2 Bb7 20. Rcd2 Qa8 21. Nab5
Ne8 22. Bf4 e5 23. Be3 Nc7 24. Nxc7 Rxc7 25. a3 Bc6 26. b4 axb4 27. axb4 Qa7
28. Rb2 Qa3 29. Rbb1 Qxc3 30. bxc5 bxc5 31. Bd2 Qa3 32. Ra1 Qb2 33. Ba5 Ra8 34.
Rab1 Qxb1 35. Rxb1 Rxa5 36. Rb8+ Bf8 37. h3 Ra8 38. Rxa8 Bxa8 39. Bd3 Bc6 40.
Qa2 Bd7 41. Qa6 Rc8 42. Bc2 Rb8 43. Qa7 Rb2 44. Qxd7 Rxc2 45. Qa4 Rc1+ 46. Kh2
g6 47. Qb3 Bh6 48. Qd3 Bf8 49. g3 Ra1 50. h4 Be7 51. Kg2 Ra2+ 52. Kh3 Ra1 53.
Qb3 Kg7 54. Kg2 h5 55. Qc2 Ra6 56. Kf2 Rb6 57. Ke2 Rb4 58. Qa2 Bf6 59. Kd3 Rb6
60. Kc3 Rb4 61. Qa6 Be7 62. Qa7 Kf8 63. Qa8+ Kg7 64. Qe8 Bf6 65. Qd7 Rb6 66.
Qc7 Ra6 67. Kb3 g5 68. hxg5 Bxg5 69. Qd7 Rb6+ 70. Kc3 Be3 71. Qf5 Bd4+ 72. Kc2
Rb2+ 73. Kc1 Rb4 74. f4 Rxc4+ 75. Kd2 exf4 76. Qg5+ Kf8 77. gxf4 Ra4 78. Qxh5
Bg7 79. Qf5 Rd4+ 80. Ke3 Kg8 81. Qg5 Kh7 82. Qe7 Kg8 83. Qe8+ Bf8 84. Qc8 Kg7
85. Kf3 Be7 86. Qb7 Bf6 87. Qc6 c4 88. Kg4 c3 89. Kf5 Rd2 90. e5 Bd8 91. Qxc3
Rd1 92. exd6+ Kg8 93. Qb4 Kg7 94. Qb2+ Kg8 95. Qb8 Rd5+ 96. Ke4 Rxd6 97. Qxd6
Bh4 98. Kf5 Kg7 99. Qd4+ Kh7 100. Ke4 1-0

[Event "Romanian Open 2016"]
[Site "Alba Iulia ROU"]
[Date "2016.03.22"]
[Round "8.15"]
[White "Stoleriu , George"]
[Black "Ionescu, Mihai"]
[Result "1/2-1/2"]
[WhiteElo "2162"]
[BlackElo "2317"]
[PlyCount "42"]
[EventDate "2016.03.16"]

1. f4 d5 2. b3 Bg4 3. Bb2 e6 4. g3 Nf6 5. Bg2 Be7 6. Nf3 Nbd7 7. O-O O-O 8. d3
c6 9. Nbd2 Qb6+ 10. Kh1 Ne8 11. e4 a5 12. a4 Bf6 13. e5 Be7 14. h3 Bxf3 15.
Nxf3 Nc7 16. g4 f6 17. Qe2 Rae8 18. Rae1 Bb4 19. Rb1 Be7 20. Rbe1 Bb4 21. Rb1
Be7 1/2-1/2

[Event "Romanian Open 2016"]
[Site "Alba Iulia ROU"]
[Date "2016.03.23"]
[Round "9.17"]
[White "Ognean, Mihnea Ionut"]
[Black "Stoleriu , George"]
[Result "1-0"]
[WhiteElo "2143"]
[BlackElo "2162"]
[PlyCount "79"]
[EventDate "2016.03.16"]

1. e4 e6 2. d4 d5 3. e5 c5 4. c3 Nc6 5. Nf3 Bd7 6. Be2 Qb6 7. O-O cxd4 8. cxd4
Nge7 9. Na3 Nf5 10. Nc2 h5 11. Bd3 g6 12. b4 a5 13. bxa5 Rxa5 14. Bd2 Ra4 15.
Qb1 Qxb1 16. Rfxb1 Ra7 17. Bg5 Be7 18. Bxe7 Kxe7 19. Rb6 Rc8 20. Rab1 Na5 21.
h3 Rc3 22. Nce1 Bc6 23. Kh2 Ra3 24. g4 hxg4 25. hxg4 Nh6 26. Kg3 Rxa2 27. Nc2
Nc4 28. Bxc4 Rxc2 29. Bb5 Bxb5 30. R6xb5 Rc7 31. Rh1 Ng8 32. Ng5 Kf8 33. Rh7
Re7 34. Rb3 Ke8 35. Rg7 Kf8 36. Rh7 Ke8 37. Rg7 Kf8 38. Rh7 f6 39. exf6 Rxh7
40. Nxh7+ 1-0

[Event "Bicaz City Cup 2016"]
[Site "Casa de Cultura din Bicaz"]
[Date "2016.03.24"]
[Round "1.8"]
[White "Tifui, Vasile"]
[Black "Stoleriu , George"]
[Result "0-1"]
[WhiteElo "1419"]
[BlackElo "2162"]
[PlyCount "72"]
[EventDate "2016.??.??"]

1. g3 Nf6 2. Bg2 c5 3. d3 d5 4. Nd2 Nc6 5. c3 e5 6. Nb3 Be6 7. Bg5 h6 8. Bd2
Bd6 9. e4 dxe4 10. dxe4 c4 11. Nc1 Bc5 12. Qe2 Qb6 13. Nh3 Qxb2 14. O-O Rd8 15.
Be3 Qxe2 16. Nxe2 Bxe3 17. fxe3 Rd3 18. Kf2 Ng4+ 19. Kg1 Nxe3 20. Rf2 Ke7 21.
Rf3 Nxg2 22. Kxg2 Bxh3+ 23. Kf2 Bg4 24. Rxd3 cxd3 25. Ng1 Rd8 26. h3 d2 27.
hxg4 d1=Q 28. Rxd1 Rxd1 29. Ne2 Ra1 30. Ke3 Rxa2 31. Nc1 Rc2 32. Ne2 a5 33. Kd3
Rb2 34. Nc1 a4 35. Kc4 a3 36. Nb3 b5+ 0-1

[Event "Bicaz City Cup 2016"]
[Site "Casa de Cultura din Bicaz"]
[Date "2016.03.25"]
[Round "2.8"]
[White "Stoleriu , George"]
[Black "Arghirescu , Marius "]
[Result "1-0"]
[WhiteElo "2162"]
[BlackElo "1803"]
[PlyCount "109"]
[EventDate "2016.??.??"]

1. e4 e5 2. Nf3 Nc6 3. Bb5 a6 4. Ba4 Nf6 5. d3 b5 6. Bb3 Be7 7. O-O O-O 8. Re1
d5 9. Bg5 dxe4 10. dxe4 Qxd1 11. Rxd1 Bg4 12. Nbd2 Nd4 13. Nxd4 Bxd1 14. Nf5
Bc5 15. Bxf6 gxf6 16. Rxd1 Rad8 17. Bd5 Rd7 18. Nb3 Bb6 19. Rd3 c6 20. Bxc6
Rxd3 21. cxd3 Rd8 22. Ne7+ Kg7 23. Bd5 Rd7 24. Nc6 Rc7 25. Kf1 a5 26. Ke2 a4
27. Nd2 Bd4 28. Nxd4 exd4 29. Kd1 a3 30. bxa3 Rc3 31. Nb1 Rc5 32. Nd2 Rc3 33.
Nb3 Rxd3+ 34. Kc2 Rc3+ 35. Kd2 Kg6 36. Nxd4 Rxa3 37. Nxb5 Ra5 38. Nd6 Ra6 39.
Nf5 Ra7 40. Kc3 Rc7+ 41. Kb3 Kg5 42. a4 h5 43. a5 h4 44. a6 Kg4 45. h3+ Kf4 46.
Nd6 Ra7 47. Bb7 Ke5 48. Nb5 Rxa6 49. Bxa6 Kxe4 50. Nd6+ Kd5 51. Nxf7 Ke6 52.
Nh6 Ke5 53. Bc8 Kf4 54. Nf5 Kg5 55. Kc3 1-0

[Event "Bicaz City Cup 2016"]
[Site "Casa de Cultura din Bicaz"]
[Date "2016.03.25"]
[Round "3.1"]
[White "Manolache, Marius"]
[Black "Stoleriu , George"]
[Result "1-0"]
[WhiteElo "2487"]
[BlackElo "2162"]
[PlyCount "113"]
[EventDate "2016.??.??"]

1. d4 e6 2. Nf3 Nf6 3. e3 c5 4. b3 b6 5. Bd3 Bb7 6. O-O Be7 7. Qe2 d6 8. c4
Nbd7 9. Bb2 Qc7 10. Nc3 a6 11. Rac1 O-O 12. Ng5 h6 13. Nf3 Rac8 14. Bb1 Qb8 15.
d5 exd5 16. cxd5 b5 17. Nh4 Rfe8 18. Nf5 Bf8 19. Qf3 g6 20. Qg3 Nh5 21. Qh3
Ndf6 22. g4 gxf5 23. gxh5 Bg7 24. Ne2 Bxd5 25. Bxf6 Bxf6 26. Qxf5 Be5 27. f4
Bb2 28. Qxd5 Bxc1 29. Nxc1 Rxe3 30. Kf2 Ree8 31. Rg1+ Kf8 32. Bh7 c4 33. Ne2
cxb3 34. axb3 Qb6+ 35. Nd4 Qc5 36. Rg8+ Ke7 37. Qe4+ Kf6 38. Rxe8 Rxe8 39. Qxe8
Qxd4+ 40. Qe3 Qb2+ 41. Kg3 a5 42. Be4 a4 43. bxa4 bxa4 44. Bd5 Qa1 45. Kh4 a3
46. Qe8 Kf5 47. Qxf7+ Qf6+ 48. Qxf6+ Kxf6 49. Kg4 Kg7 50. Kf5 Kh7 51. Kf6 Kh8
52. f5 Kh7 53. Ke7 a2 54. Bxa2 d5 55. f6 d4 56. f7 d3 57. f8=Q 1-0

[Event "Bicaz City Cup 2016"]
[Site "Casa de Cultura din Bicaz"]
[Date "2016.03.26"]
[Round "4.10"]
[White "Stoleriu , George"]
[Black "Axinte, Aurel"]
[Result "1-0"]
[WhiteElo "2162"]
[BlackElo "1736"]
[PlyCount "65"]
[EventDate "2016.??.??"]

1. e4 e5 2. Nf3 Nc6 3. Bb5 d6 4. c3 Bd7 5. O-O Nf6 6. d3 Be7 7. Re1 O-O 8. Nbd2
a6 9. Ba4 b5 10. Bb3 Na5 11. Bc2 c5 12. Nf1 Nc6 13. Ng3 Qc8 14. h3 Bd8 15. Nh2
Ne7 16. a4 Ng6 17. Nf5 Bc7 18. Ng4 Bxf5 19. Nxf6+ gxf6 20. exf5 Qxf5 21. d4 Qe6
22. Qf3 Rab8 23. axb5 axb5 24. Ra7 Bb6 25. d5 Qe8 26. Bh6 Bd8 27. Qf5 b4 28.
Ba4 Qxa4 29. Rxa4 bxc3 30. Bxf8 Kxf8 31. bxc3 Kg7 32. Rb1 Rxb1+ 33. Qxb1 1-0

[Event "Bicaz City Cup 2016"]
[Site "Casa de Cultura din Bicaz"]
[Date "2016.03.26"]
[Round "5.7"]
[White "Martian, Fanase"]
[Black "Stoleriu , George"]
[Result "0-1"]
[WhiteElo "1931"]
[BlackElo "2162"]
[PlyCount "56"]
[EventDate "2016.??.??"]

1. e4 c6 2. c4 d5 3. Nc3 dxe4 4. Nxe4 Bf5 5. Ng3 Bg6 6. Nf3 Nd7 7. d4 e6 8. Bd2
Ngf6 9. Bc3 Be7 10. Bd3 Bxd3 11. Qxd3 Qc7 12. O-O-O O-O-O 13. Qc2 c5 14. Ne5
cxd4 15. Nxd7 dxc3 16. Nxf6 cxb2+ 17. Kb1 Bxf6 18. Ne4 Be5 19. g3 Rxd1+ 20.
Rxd1 Rd8 21. Rxd8+ Qxd8 22. f4 Bd4 23. Qd3 h6 24. c5 Qd5 25. Qc2 f5 26. Nc3
Qxc5 27. Kxb2 Qb4+ 28. Qb3 Bxc3+ 0-1

[Event "Bicaz City Cup 2016"]
[Site "Casa de Cultura din Bicaz"]
[Date "2016.03.27"]
[Round "6.4"]
[White "Stoleriu , George"]
[Black "Filip, Lucian-Ioan"]
[Result "0-1"]
[WhiteElo "2162"]
[BlackElo "2447"]
[PlyCount "110"]
[EventDate "2016.??.??"]

1. e4 e6 2. d4 d5 3. Nc3 Nf6 4. e5 Nfd7 5. f4 c5 6. Nf3 Nc6 7. Be3 cxd4 8. Nxd4
Qb6 9. Qd2 Qxb2 10. Rb1 Qa3 11. Ndb5 Qa5 12. Nxd5 Qxd2+ 13. Kxd2 exd5 14. Nc7+
Kd8 15. Nxa8 b6 16. Nxb6 axb6 17. Bxb6+ Nxb6 18. Rxb6 Kc7 19. Rb5 g5 20. fxg5
Be6 21. Bd3 Nd4 22. Rbb1 Bg7 23. Rhf1 Bxe5 24. c3 Nc6 25. Bf5 Ra8 26. Rb2 Bxh2
27. Bxe6 fxe6 28. Rf7+ Kd6 29. Rxh7 Bf4+ 30. Kc2 Bxg5 31. Kb1 Bf6 32. Rb3 Rg8
33. Rf7 Rg6 34. a4 Bd8 35. Rf2 Rg4 36. Ra2 Ba5 37. Rba3 Ne5 38. Rb3 Nc4 39. Re2
Nb6 40. Ra3 Nxa4 41. Kc2 Bxc3 42. Rxc3 Nxc3 43. Kxc3 e5 44. Kd2 e4 45. Ke1 Ke5
46. Kf2 Rf4+ 47. Ke1 d4 48. Ra2 e3 49. Ra8 Ke4 50. Ra4 Rf2 51. g3 Rg2 52. Kf1
Kf3 53. Ra3 Rb2 54. Ra1 d3 55. g4 Rg2 0-1

[Event "Bicaz City Cup 2016"]
[Site "Casa de Cultura din Bicaz"]
[Date "2016.03.27"]
[Round "7.8"]
[White "Gherasim, Ovidiu C"]
[Black "Stoleriu , George"]
[Result "0-1"]
[WhiteElo "1851"]
[BlackElo "2162"]
[PlyCount "76"]
[EventDate "2016.??.??"]

1. f4 d5 2. c4 c6 3. e3 Nf6 4. cxd5 cxd5 5. d4 Nc6 6. Nc3 Bf5 7. Bd3 Bxd3 8.
Qxd3 e6 9. Nf3 Bb4 10. O-O O-O 11. Bd2 Rc8 12. Rac1 Na5 13. Nb5 Bxd2 14. Nxd2
Qb6 15. b3 Nc6 16. Nc3 Nb4 17. Qe2 Qa5 18. Ndb1 Ne4 19. f5 Rce8 20. a3 Nxc3 21.
Rxc3 Nc6 22. f6 gxf6 23. Qh5 Kg7 24. Qg4+ Kh8 25. Rxf6 Ne7 26. Qh5 Ng6 27. b4
Qd8 28. Rf2 Qd7 29. Qd1 Rc8 30. Rfc2 Rxc3 31. Rxc3 Rc8 32. Qd3 Rxc3 33. Nxc3
Qc7 34. g3 f5 35. Kf2 Ne7 36. Ne2 Ng8 37. Qb5 Nf6 38. Qc5 Ne4+ 0-1

[Event "arad2016"]
[Site "?"]
[Date "2016.08.06"]
[Round "1.39"]
[White "Bartha, Andrei"]
[Black "Stoleriu , George"]
[Result "0-1"]
[WhiteElo "1930"]
[BlackElo "2253"]
[PlyCount "92"]
[EventDate "2016.??.??"]

1. e4 {(%clk 1:30:56)} c6 {(%clk 1:30:52)} 2. d3 {(%clk 1:30:58)} d5 {
(%clk 1: 31:15)} 3. Nd2 {(%clk 1:31:21)} g6 {(%clk 1:30:40)} 4. Ngf3 {
(%clk 1:31:01)} Bg7 {(%clk 1:31:03)} 5. c3 {(%clk 1:31:18)} Nf6 {(%clk 1:30:58)
} 6. e5 {(%clk 1:28:21)} Nfd7 {(%clk 1:30:33)} 7. d4 {(%clk 1:28:18)} e6 {
(%clk 1:30:28)} 8. Bd3 {(%clk 1:28:20)} c5 {(%clk 1:30:37)} 9. h4 {
(%clk 1:25:07)} h5 {(%clk 1:27:59)} 10. Qc2 {(%clk 1:20:43)} Qe7 {
(%clk 1:25:05)} 11. Nf1 {(%clk 1: 18:59)} cxd4 {(%clk 1:24:00)} 12. cxd4 {
(%clk 1:19:15)} Nc6 {(%clk 1:24:16)} 13. a3 {(%clk 1:17:42)} Nf8 {
(%clk 1:23:30)} 14. Bg5 {(%clk 1:15:23)} Qc7 {(%clk 1:23:49)} 15. b4 {
(%clk 1:14:05)} Qb6 {(%clk 1:23:27)} 16. Qb2 {(%clk 1: 12:04)} Bd7 {
(%clk 1:22:45)} 17. b5 {(%clk 1:10:07)} a6 {(%clk 1:19:11)} 18. a4 {
(%clk 1:04:51)} Nh7 {(%clk 1:16:17)} 19. Bd2 {(%clk 1:01:55)} axb5 {
(%clk 1: 10:49)} 20. axb5 {(%clk 0:59:35)} O-O {(%clk 1:07:21)} 21. Rb1 {
(%clk 0:59:39)} Na5 {(%clk 1:07:05)} 22. Bb4 {(%clk 0:53:19)} Rfc8 {
(%clk 1:06:55)} 23. Bc5 {(%clk 0:51:16)} Qd8 {(%clk 1:06:39)} 24. N1d2 {
(%clk 0:48:21)} b6 {(%clk 1:04: 58)} 25. Bb4 {(%clk 0:47:50)} Qe8 {
(%clk 1:04:09)} 26. Ba3 {(%clk 0:44:06)} Ra7 {(%clk 1:01:57)} 27. O-O {
(%clk 0:42:32)} Rca8 {(%clk 1:00:41)} 28. Bd6 {(%clk 0:42:08)} Nb7 {
(%clk 0:54:15)} 29. Bc7 {(%clk 0:36:10)} Ra2 {(%clk 0:54: 31)} 30. Qc3 {
(%clk 0:36:37)} Bf8 {(%clk 0:47:55)} 31. Bxb6 {(%clk 0:29:45)} Rc8 {
(%clk 0:47:03)} 32. Bc7 {(%clk 0:28:59)} Ra3 {(%clk 0:47:13)} 33. Rb3 {
(%clk 0:28:50)} Rxb3 {(%clk 0:47:26)} 34. Nxb3 {(%clk 0:29:10)} Bxb5 {
(%clk 0: 47:44)} 35. Bxb5 {(%clk 0:29:02)} Qxb5 {(%clk 0:47:46)} 36. Rc1 {
(%clk 0:29:12)} Ba3 {(%clk 0:41:20)} 37. Qc6 {(%clk 0:24:26)} Qxb3 {
(%clk 0:41:06)} 38. Rc3 {(%clk 0:24:29)} Na5 {(%clk 0:36:16)} 39. Qd7 {
(%clk 0:21:36)} Qxc3 {(%clk 0:36: 34)} 40. Qxc8+ {(%clk 0:37:03)} Kg7 {
(%clk 0:51:58)} 41. Qd7 {(%clk 0:35:25)} Qc6 {(%clk 0:50:55)} 42. Qd8 {
(%clk 0:35:18)} Qc1+ {(%clk 0:50:23)} 43. Kh2 {(%clk 0:35:44)} Nc6 {
(%clk 0:50:25)} 44. Qd7 {(%clk 0:34:31)} Nxd4 {(%clk 0:50: 07)} 45. Nxd4 {
(%clk 0:31:46)} Qf4+ {(%clk 0:50:31)} 46. Kg1 {(%clk 0:32:02)} Qxd4 {
(%clk 0:50:55)} 0-1

[Event "arad2016"]
[Site "?"]
[Date "2016.08.07"]
[Round "2.6"]
[White "Stoleriu , George"]
[Black "Pavlov, Sergey"]
[Result "1/2-1/2"]
[WhiteElo "2253"]
[BlackElo "2473"]
[PlyCount "100"]
[EventDate "2016.??.??"]

1. e4 {(%clk 1:30:55)} Nf6 {(%clk 1:30:27)} 2. Nc3 {(%clk 1:30:21)} d5 {
(%clk 1:30:29)} 3. e5 {(%clk 1:29:24)} Nfd7 {(%clk 1:30:45)} 4. d4 {
(%clk 1:29: 50)} c5 {(%clk 1:30:57)} 5. f4 {(%clk 1:20:25)} cxd4 {
(%clk 1:30:06)} 6. Nce2 {(%clk 1:19:09)} Nc6 {(%clk 1:29:49)} 7. Nf3 {
(%clk 1:19:26)} Nc5 {(%clk 1:29: 20)} 8. Nexd4 {(%clk 1:18:27)} Bg4 {
(%clk 1:28:24)} 9. Be3 {(%clk 1:15:56)} e6 {(%clk 1:25:34)} 10. Be2 {
(%clk 1:14:43)} Ne4 {(%clk 1:20:24)} 11. O-O {(%clk 1:13:40)} Bc5 {
(%clk 1:18:57)} 12. c3 {(%clk 1:11:58)} Qb6 {(%clk 1:17: 55)} 13. Qb3 {
(%clk 1:09:39)} O-O {(%clk 1:14:19)} 14. Qxb6 {(%clk 1:08:30)} Bxb6 {
(%clk 1:12:19)} 15. Nc2 {(%clk 1:02:03)} Nc5 {(%clk 0:58:19)} 16. h3 {
(%clk 1:00:28)} Bf5 {(%clk 0:53:56)} 17. Ncd4 {(%clk 1:00:35)} Bd3 {
(%clk 0:48: 08)} 18. Rfd1 {(%clk 0:55:31)} Bxe2 {(%clk 0:45:27)} 19. Nxe2 {
(%clk 0:55:54)} Rac8 {(%clk 0:41:28)} 20. Ned4 {(%clk 0:54:56)} Ne4 {
(%clk 0:33:45)} 21. Nc2 {(%clk 0:54:46)} Bc7 {(%clk 0:25:18)} 22. Nfd4 {
(%clk 0:49:45)} Na5 {(%clk 0:23: 11)} 23. Nb5 {(%clk 0:49:14)} Nc4 {
(%clk 0:22:28)} 24. Bxa7 {(%clk 0:45:32)} Nxb2 {(%clk 0:20:32)} 25. Rdb1 {
(%clk 0:44:25)} Na4 {(%clk 0:15:28)} 26. Rb4 {(%clk 0:26:25)} Naxc3 {
(%clk 0:14:49)} 27. Nxc3 {(%clk 0:26:41)} Nxc3 {(%clk 0: 15:10)} 28. Nd4 {
(%clk 0:26:14)} Ra8 {(%clk 0:12:01)} 29. Bc5 {(%clk 0:25:31)} Rfc8 {
(%clk 0:05:09)} 30. Rxb7 {(%clk 0:22:52)} Bxe5 {(%clk 0:03:38)} 31. fxe5 {
(%clk 0:22:57)} Rxc5 {(%clk 0:04:00)} 32. Rf1 {(%clk 0:23:18)} Rf8 {
(%clk 0: 03:44)} 33. Rfxf7 {(%clk 0:23:24)} Rxf7 {(%clk 0:02:58)} 34. Rb8+ {
(%clk 0:23: 45)} Rf8 {(%clk 0:03:23)} 35. Rxf8+ {(%clk 0:24:12)} Kxf8 {
(%clk 0:03:47)} 36. Nxe6+ {(%clk 0:24:39)} Ke7 {(%clk 0:02:49)} 37. Nxc5 {
(%clk 0:25:03)} Nxa2 {(%clk 0:03:13)} 38. Kf2 {(%clk 0:25:10)} Nb4 {
(%clk 0:02:09)} 39. Ke3 {(%clk 0: 24:54)} Nc6 {(%clk 0:02:04)} 40. Kf4 {
(%clk 0:39:37)} Nd4 {(%clk 0:16:49)} 41. Ke3 {(%clk 0:39:19)} Ne6 {
(%clk 0:11:29)} 42. Nd3 {(%clk 0:37:09)} g5 {(%clk 0: 11:16)} 43. g3 {
(%clk 0:36:39)} Kf7 {(%clk 0:07:03)} 44. h4 {(%clk 0:33:50)} Kg6 {
(%clk 0:07:14)} 45. Nb4 {(%clk 0:33:28)} Kf5 {(%clk 0:05:24)} 46. Nxd5 {
(%clk 0:32:37)} Kxe5 {(%clk 0:05:45)} 47. Nb6 {(%clk 0:32:29)} g4 {
(%clk 0:04: 29)} 48. Nc4+ {(%clk 0:32:35)} Kd5 {(%clk 0:04:27)} 49. Nb6+ {
(%clk 0:32:50)} Ke5 {(%clk 0:04:15)} 50. Nc4+ {(%clk 0:33:15)} Kd5 {
(%clk 0:04:28) Ke4+} 1/2-1/2

[Event "arad2016"]
[Site "?"]
[Date "2016.08.08"]
[Round "4.16"]
[White "Stoleriu , George"]
[Black "Toma, Radu Cristian"]
[Result "1/2-1/2"]
[WhiteElo "2253"]
[BlackElo "2303"]
[PlyCount "68"]
[EventDate "2016.??.??"]

1. e4 {(%clk 1:30:58)} c6 {(%clk 1:30:56)} 2. Nc3 {(%clk 1:31:23)} d5 {
(%clk 1: 31:22)} 3. d4 {(%clk 1:31:18)} dxe4 {(%clk 1:31:46)} 4. Nxe4 {
(%clk 1:31:45)} g6 {(%clk 1:28:05)} 5. Bc4 {(%clk 1:30:57)} Bg7 {(%clk 1:27:42)
} 6. c3 {(%clk 1:30:42)} Nh6 {(%clk 1:05:24)} 7. Bf4 {(%clk 1:25:33)} Nd7 {
(%clk 0:58: 11)} 8. Qd2 {(%clk 1:13:54)} Nb6 {(%clk 0:57:04)} 9. Bb3 {
(%clk 1:13:19)} Nf5 {(%clk 0:56:34)} 10. g4 {(%clk 1:07:34)} Nd6 {
(%clk 0:52:54)} 11. Nxd6+ {(%clk 1:06:40)} exd6 {(%clk 0:53:13)} 12. Qe3+ {
(%clk 1:06:06)} Qe7 {(%clk 0: 51:24)} 13. Bxd6 {(%clk 1:06:02)} Qxe3+ {
(%clk 0:51:46)} 14. fxe3 {(%clk 1:06: 30)} Bxg4 {(%clk 0:52:02)} 15. Ne2 {
(%clk 1:05:00)} Kd7 {(%clk 0:46:30)} 16. Bg3 {(%clk 1:02:36)} Rae8 {
(%clk 0:45:29)} 17. Bf4 {(%clk 0:58:13)} Be6 {(%clk 0:40:56)} 18. Kd2 {
(%clk 0:56:47)} Bd5 {(%clk 0:27:01)} 19. Rhf1 {(%clk 0:56:39)} f5 {
(%clk 0:26:20)} 20. Nc1 {(%clk 0:55:08)} Nc4+ {(%clk 0:24: 18)} 21. Bxc4 {
(%clk 0:55:12)} Bxc4 {(%clk 0:24:47)} 22. Rg1 {(%clk 0:54:44)} Re4 {
(%clk 0:23:01)} 23. b3 {(%clk 0:53:40)} Ba6 {(%clk 0:22:57)} 24. Nd3 {
(%clk 0:48:34)} Bxd3 {(%clk 0:23:01)} 25. Kxd3 {(%clk 0:48:59)} c5 {
(%clk 0:19: 15)} 26. Raf1 {(%clk 0:45:05)} Bf6 {(%clk 0:17:33)} 27. Rg2 {
(%clk 0:42:26)} Kc6 {(%clk 0:15:10)} 28. b4 {(%clk 0:41:17)} b6 {(%clk 0:12:23)
} 29. a4 {(%clk 0:40:02)} Rhe8 {(%clk 0:08:13)} 30. Rf3 {(%clk 0:36:30)} cxb4 {
(%clk 0: 07:16)} 31. cxb4 {(%clk 0:36:30)} Kb7 {(%clk 0:04:19)} 32. Rc2 {
(%clk 0:34:54)} R8e7 {(%clk 0:03:41)} 33. b5 {(%clk 0:34:36)} Rd7 {
(%clk 0:02:37)} 34. Rc4 {(%clk 0:34:32)} Re8 {(%clk 0:00:55)} 1/2-1/2

[Event "arad2016"]
[Site "?"]
[Date "2016.08.10"]
[Round "7.29"]
[White "Panainte, Daniel-Iulian"]
[Black "Stoleriu , George"]
[Result "0-1"]
[WhiteElo "2057"]
[BlackElo "2253"]
[PlyCount "70"]
[EventDate "2016.??.??"]

1. e4 {(%clk 1:29:23)} e6 {(%clk 1:30:55)} 2. d4 {(%clk 1:29:39)} d5 {
(%clk 1: 31:21)} 3. exd5 {(%clk 1:29:45)} exd5 {(%clk 1:31:47)} 4. Bd3 {
(%clk 1:30:08)} Nc6 {(%clk 1:32:10)} 5. Nf3 {(%clk 1:30:15)} Bg4 {
(%clk 1:32:15)} 6. c3 {(%clk 1:29:46)} Bd6 {(%clk 1:32:34)} 7. O-O {
(%clk 1:29:36)} Nge7 {(%clk 1:32: 55)} 8. Bg5 {(%clk 1:27:00)} f6 {
(%clk 1:32:41)} 9. Bh4 {(%clk 1:27:25)} Qd7 {(%clk 1:32:50)} 10. Nbd2 {
(%clk 1:27:23)} O-O-O {(%clk 1:32:25)} 11. Re1 {(%clk 1:24:00)} g5 {
(%clk 1:26:44)} 12. Bg3 {(%clk 1:24:20)} Bxg3 {(%clk 1:27: 07)} 13. hxg3 {
(%clk 1:24:13)} h5 {(%clk 1:27:19)} 14. Nf1 {(%clk 1:22:21)} h4 {(%clk 1:26:19)
} 15. Ne3 {(%clk 1:13:26)} hxg3 {(%clk 1:24:35)} 16. fxg3 {(%clk 1:13:43)} Be6
{(%clk 1:22:47)} 17. b4 {(%clk 1:12:45)} Qd6 {(%clk 1:20: 58)} 18. Kf2 {
(%clk 1:11:44)} g4 {(%clk 1:18:53)} 19. Ng1 {(%clk 1:11:26)} f5 {(%clk 1:18:25)
} 20. Ne2 {(%clk 1:11:01)} Ng6 {(%clk 1:17:58)} 21. Qc2 {(%clk 1: 00:03)} Nce7
{(%clk 1:14:41)} 22. Rf1 {(%clk 0:53:33)} Rdf8 {(%clk 1:13:12)} 23. Ke1 {
(%clk 0:52:29)} f4 {(%clk 1:12:27)} 24. Nxf4 {(%clk 0:47:05)} Nxf4 {
(%clk 1:12:32)} 25. gxf4 {(%clk 0:47:27)} Rxf4 {(%clk 1:12:46)} 26. Qe2 {
(%clk 0:46:01)} Rxf1+ {(%clk 1:03:57)} 27. Qxf1 {(%clk 0:43:42)} Nc6 {
(%clk 1: 03:00)} 28. Bf5 {(%clk 0:31:57)} a5 {(%clk 0:55:43)} 29. a3 {
(%clk 0:31:10)} Re8 {(%clk 0:52:33)} 30. Kd2 {(%clk 0:28:04)} g3 {
(%clk 0:47:31)} 31. Qf3 {(%clk 0:27:16)} Ne7 {(%clk 0:42:22)} 32. Bxe6+ {
(%clk 0:26:22)} Qxe6 {(%clk 0: 42:44)} 33. Qxg3 {(%clk 0:20:21)} Nf5 {
(%clk 0:40:31)} 34. Qe5 {(%clk 0:18:08)} Nxe3 {(%clk 0:40:51)} 35. Kxe3 {
(%clk 0:18:33)} Qh6+ {(%clk 0:41:15)} 0-1

[Event "Campionatele Nationale pe echipe-Superl"]
[Site "Mamaia"]
[Date "2015.10.09"]
[Round "7.6"]
[White "Stoleriu , George"]
[Black "Mocanu, Victor Valentin"]
[Result "1-0"]
[WhiteElo "2227"]
[BlackElo "2081"]
[PlyCount "74"]
[EventDate "2015.10.03"]
[EventType "team"]
[EventRounds "9"]
[WhiteTeam "CS POLITEHNICA-ANTIBIOTICE IASI"]
[BlackTeam "CS SAH CLUB GALATI"]

1. f4 d5 2. b3 Nf6 3. Bb2 g6 4. e3 Bg7 5. Nf3 c5 6. Bb5+ Bd7 7. Qe2 a6 8. Bxd7+
Nbxd7 9. c4 O-O 10. O-O e6 11. Ne5 Ne8 12. d4 cxd4 13. exd4 Ndf6 14. c5 Ne4 15.
Ba3 f6 16. c6 fxe5 17. Bxf8 Bxf8 18. cxb7 Ra7 19. fxe5 Ng7 20. Nd2 Nxd2 21.
Qxd2 Rxb7 22. g4 Be7 23. Qd3 a5 24. Rac1 Bf8 25. Qf3 Qe8 26. h3 h5 27. Kg2 Be7
28. Rc2 Bh4 29. Rfc1 Kh7 30. Rc8 Qf7 31. Rf8 Qxf3+ 32. Kxf3 Kh6 33. Rh8+ Kg5
34. Rg1 Rf7+ 35. Ke2 Bf2 36. Rf1 Rf4 37. Rxf2 Rxd4 1-0

[Event "Campionatele Nationale pe echipe-Superl"]
[Site "Mamaia"]
[Date "2015.10.10"]
[Round "8.6"]
[White "Dombi-Marias, Rudolf"]
[Black "Stoleriu , George"]
[Result "1/2-1/2"]
[WhiteElo "1950"]
[BlackElo "2227"]
[PlyCount "47"]
[EventDate "2015.10.03"]
[EventType "team"]
[EventRounds "9"]
[WhiteTeam "CS APOLLO SATU MARE"]
[BlackTeam "CS POLITEHNICA-ANTIBIOTICE IASI"]

1. e4 c6 2. d4 d5 3. Nc3 dxe4 4. Nxe4 Bf5 5. Ng3 Bg6 6. N1e2 e6 7. Nf4 Bd6 8.
c3 Nf6 9. h4 Bxf4 10. Bxf4 h6 11. h5 Bh7 12. Qb3 Qb6 13. Qa3 Nbd7 14. Be2 c5
15. dxc5 Qxc5 16. Bd6 Qxa3 17. Bxa3 O-O-O 18. Rd1 Nd5 19. Rh4 Ne5 20. Ne4 Bxe4
21. Rxe4 Nc6 22. Rg4 Rhg8 23. Bc5 f5 24. Ra4 1/2-1/2